00865nam a22002417a 450000100040000000500170000402000180002104000310003905000150007008200100008510000150009524500490011025000480015926000370020730000420024449000600028650500080034652001200035452100190047452100200049365000550051365000550056899720250213153508.0 a9780439114936 aFISKHbengcFISKH dFISKH  aPZ7.M26572 a523.1 aMoore, Eva aSpace explorers /cillustrations by Ted Enik aThis edition first printing, January 2000.  aNew York : bScholastic, c2000. a76 pages : billustrations, c20 cm.  3The magic school bus science: achapter book,vBook 4.  aP  aCarlos and his classmates join Ms. Frizzle on an expedition to outer space where they learn about the solar system. a640 bLexile  aP bRaz-Plus  2Outer SpaceaExplarationsvastronomyxsolar system 2Outer SpaceaExplarationsvastronomyxsolar system